000 00283nam a22001337a 4500
008 170711b xxu||||| |||| 00| 0 eng d
020 _a0122267389
041 _aeng
080 _a05
100 _a23
101 _aENC
245 _aENCYCLOPEDIA OFSTRESS
_cFINK,G
942 _2udc
_cBK
999 _c20193
_d20193